000 00353nam a2200169Ia 4500
100 _aRich/Barnett
650 _aAlgebra
250 _a3
942 _cBK
366 _f25
245 _aElementary Algebra:Schaums outline
260 _bTata McGraw Hil
_c2004
082 _a512
_bRIC
300 _a368
546 _aENGLISH
_cproduction
999 _c20089
_d20089